000 00192 a2200097 4500
001 2640
100 _aLithgow, M.
245 _aMach one
260 _a
_bAllan winjate
_c
090 _c1936
_d1936
942 _aNUST-CAE
_cM
_c10402
999 _c237713
_d237713